000 01458nas a2200325 c 4500
001 292541
003 BLK
005 20241021130830.0
008 180413b bul raner|||| |0| c1bulo|
010 _aPRD00005950000
022 _aC608-3358
040 _aBLK
041 _aBUL
_cBUL
080 _aСоциални въпроси в цялост. Критика на социалната организация. Социални реформо(общо). Практически социални проблеми. Социална политика (общи въпроси). Вж и 141.82;308;331;351.83
_b304
_x(497.215)
_z304(497.215)
110 1 _aЕООД Русенски Стандарт
_eРед. кол.: Валентин Христов
_9358862
245 1 0 _aРУСЕНСКИ СТАНДАРТ NEWS
_cЕООД Русенски Стандарт ; Ред. кол.: Валентин Христов
_fНачална год. на издаване: 1994, № 1,
257 _aBGR
260 _bРусенски стандарт
_c1994
_fДунав прес ООД
300 _c41
310 _eсрок за съхранение: 99
380 _a3
852 _aВ 693
856 _qpdf
_u
856 _qpdf
_u
942 _cNSP
_n0
_s1
_016
944 _aCR
_cВаня_Йорданова
_k30534
_lРадостина Карадакова
944 _aED
_cВаня_Йорданова
_k05.07.2017
999 _c292541
_d292541
999 _d292541
999 _d292541